| 000 | 00992nam a2200349 4500 | ||
|---|---|---|---|
| 001 | 0011828 | ||
| 003 | DO-SdBNP | ||
| 005 | 20180213145624.0 | ||
| 007 | 0011828 | ||
| 008 | 161125b 1992 sp||||| |||| 00| 0 spa d | ||
| 016 |
_a _z |
||
| 017 |
_a _b |
||
| 020 | _a9788434809017 | ||
| 035 | _a | ||
| 040 |
_aBPMSU _bspa _cBPMSU |
||
| 041 | _h | ||
| 080 | _a | ||
| 082 |
_axxxxxxxxx _bxxxxxxxxx |
||
| 100 | 1 |
_aMonteilhet, Hubert, _d1928- |
|
| 245 | 1 | 0 |
_aDe profesión, fantasma / _cH. Monteilhet ; traducción Manuel Barbadillo ; ilustraciones J. M. Barthélemy _h |
| 250 | _a17a ed. | ||
| 260 |
_aMadrid _bS.M. _c1992. |
||
| 300 |
_a196 p. : _bil.; _c19 cm |
||
| 490 | 0 |
_a El barco de vapor _v10 |
|
| 700 | 1 |
_a Barbadillo, Manuel , _etr. |
|
| 700 | 1 |
_aBarthélemy, J. M. , _eil. |
|
| 830 | 0 |
_a El barco de vapor _v10 |
|
| 942 |
_2ddc _cBK |
||
| 945 | _aInventariado, 2018 / BT | ||
| 956 |
_aVMATEO _210 _320160408 _6BPMSU _80069 |
||
| 956 |
_aBTAVÁREZ _b10 _c20161125 _d0011828 |
||
| 999 |
_c12101 _d12101 |
||